| 000 | 01498nam a22002177a 4500 | ||
|---|---|---|---|
| 999 |
_c13344 _d13344 |
||
| 008 | 190304b ||||| |||| 00| 0 eng d | ||
| 020 | _a9780826198686 | ||
| 082 |
_22015 _aAV-Eb 362.1786 _bC832 |
||
| 245 | _aCounseling theories and techniques for rehabilitation and mental health professionals/ | ||
| 250 | _aSecond Edition | ||
| 260 |
_aNew York _bSpringer Publishing Company _c©2015. |
||
| 300 | _a514 pages; | ||
| 500 | _aIncludes index. | ||
| 520 | _aThe only text about counseling theories and techniques developed specifically for upper-level rehabilitation counseling students and practitioners, this book is now fully updated with a focus on evidence-based practice. It reflects the great strides made in incorporating research-based knowledge into counseling/therapy interventions since the first edition’s publication nearly 10 years ago. The book disseminates the expertise of many of the most esteemed leaders and academic scholars in rehabilitation counseling. These authors emphasize state-of-the-art scientific evidence that supports the effectiveness of various counseling approaches and techniques for people with and without disabilities. | ||
| 650 |
_aPeople with disabilities -- Rehabilitation. _937279 |
||
| 650 |
_aRehabilitation counseling. _937280 |
||
| 700 |
_aFong, Chan, _eeditor _937281 |
||
| 700 |
_aKenneth R., Thomas, _eeditor _937282 |
||
| 856 | _yhttps://ebookcentral.proquest.com/lib/uniofmindanao-ebooks/detail.action?docID=1953174 | ||
| 942 |
_2ddc _cEB |
||